Statistics for Every city in Vietnam (with map)

Click here to take the quiz!

General Stats

  • This quiz has been taken 148 times
  • The average score is 22 of 82

Answers on the Map

Answers color-coded by a green-red scale on the quiz's map according to % correct below.
 

Answer Stats

CityPopulation% Correct
Hà Nội7,520,700
96%
Thành Phố Hồ Chí Minh8,598,700
96%
Đà Nẵng1,080,700
80%
Cần Thơ1,569,301
68%
Huế339,822
64%
Hải Phòng2,013,800
62%
Đà Lạt211,696
51%
Hạ Long221,580
51%
Nha Trang392,279
51%
Vinh303,363
51%
Vũng Tàu310,188
43%
Cà Mau204,895
40%
Buôn Ma Thuột326,135
39%
Hội An89,716
37%
Thanh Hóa393,294
37%
Biên Hòa784,398
36%
Lào Cai98,363
32%
Qui Nhơn311,260
31%
Rạch Giá250,660
31%
Thái Nguyên320,000
31%
Bắc Ninh272,634
30%
Điện Biên Phủ76,000
30%
Nam Định352,108
29%
Pleiku208,364
29%
Hà Giang71,689
27%
Mỹ Tho204,412
27%
Tây Ninh153,537
27%
Cao Bằng84,421
26%
Ninh Bình110,541
26%
Thủ Dầu Một244,277
26%
Lạng Sơn87,278
25%
Long Xuyên278,658
25%
Sóc Trăng136,018
25%
Bà Rịa122,424
24%
Sơn La107,282
24%
Thái Bình268,167
24%
Vĩnh Long147,039
24%
Bến Tre150,530
23%
Dĩ An480,413
23%
Kon Tum155,214
23%
Móng Cái80,000
23%
Phan Rang - Tháp Chàm161,370
23%
Bắc Giang157,439
21%
Bảo Lộc153,362
21%
Cẩm Phả195,800
21%
Hải Dương507,469
21%
Yên Bái95,892
21%
Bạc Liêu188,863
20%
Đông Hà93,756
20%
Quảng Ngãi260,252
20%
Tân An166,419
20%
Việt Trì283,995
20%
Cam Ranh128,358
19%
Hà Tĩnh88,957
19%
Lai Châu52,557
19%
Hà Tiên81,576
18%
Hòa Bình93,409
18%
Tam Kỳ107,924
18%
Tuy Hòa177,944
18%
Bắc Kạn56,800
17%
Cao Lãnh161,292
17%
Sa Đéc152,237
17%
Trà Vinh131,360
17%
Tuyên Quang110,119
17%
Uông Bí157,779
17%
Phủ Lý136,650
15%
Châu Đốc157,298
14%
Sầm Sơn150,902
14%
Thuận An603,000
14%
Vĩnh Yên122,568
14%
Đồng Xoài150,052
13%
Hưng Yên147,275
13%
Gia Nghĩa85,082
12%
Chí Linh220,421
11%
Long Khánh181,242
11%
Vị Thanh72,328
11%
Tam Điệp104,175
10%
Ngã Bảy101,192
8%
Sông Công110,000
8%
Phúc Yên155,500
7%
Phan Thiết216,327
6%
Đồng Hới160,325
4%

Score Distribution

Percentile by Number Answered

Percent of People with Each Score

Your Score History

You have not taken this quiz